| 000 -LEADER |
| fixed length control field |
01002nam a22002537a 4500 |
| 008 - FIXED-LENGTH DATA ELEMENTS--GENERAL INFORMATION |
| fixed length control field |
131129b xxu||||| |||| 00| 0 alb d |
| 020 ## - INTERNATIONAL STANDARD BOOK NUMBER |
| International Standard Book Number |
9789951882170 |
| 041 10 - LANGUAGE CODE |
| Language code of text/sound track or separate title |
alb |
| -- |
eng |
| -- |
scc |
| 080 ## - UNIVERSAL DECIMAL CLASSIFICATION NUMBER |
| Universal Decimal Classification number |
347.2 |
| Common auxiliary subdivision |
(496.51) |
| 245 00 - TITLE STATEMENT |
| Title |
Compilation of the property legislation in Kosovo II. = Përmbledhje e ligjeve mbi pronën në Kosovë II = Zbirka imovinskih zakona Kosova II / |c compiled by Kosovo Law Centre. |
| 246 ## - VARYING FORM OF TITLE |
| Title proper/short title |
Përmbledhje e ligjeve mbi pronën në Kosovë II. |
| 246 ## - VARYING FORM OF TITLE |
| Title proper/short title |
Zbirka imovinskih zakona Kosova II. |
| 260 ## - |
| -- |
Prishtinë, : |
| -- |
Kosovo Law Centre=Qendra Juridike e Kosovës=Pravni Centar Kosovo ; |
| -- |
2011. |
| 300 ## - |
| -- |
1120 f. ; |
| -- |
30 cm. |
| 490 ## - |
| -- |
Lex Legis |
| 500 ## - |
| -- |
Teksti paralel në gjuhën angleze, shqipe dhe serbe. |
| 500 ## - |
| -- |
Introduction : f. XI |
| 500 ## - |
| -- |
Parathënie : f. XII |
| 500 ## - |
| -- |
Predgovor : f. XIII |
| 650 ## - |
| -- |
E drejta e pronës |
| -- |
Kosovë |
| 650 ## - |
| -- |
Prona |
| -- |
Kosovë |
| 650 ## - |
| -- |
Të drejtat civile |
| -- |
Kosovë |
| 942 ## - ADDED ENTRY ELEMENTS (KOHA) |
| Source of classification or shelving scheme |
|
| Item type |
Books |